| 000 | 04318nam a22004331 4500 | ||
|---|---|---|---|
| 005 | 20050808122104.0 | ||
| 008 | 721219s1962 nyu 000 0 eng | ||
| 010 | _aB-342026-043 | ||
| 020 |
_a9788189297473 _c350.00 |
||
| 035 | _aB-342026-043 | ||
| 037 | _bVijay Goel | ||
| 040 |
_adpl _bEnglish |
||
| 082 | _a142.78 | ||
| 245 |
_aJean-Paul Sartare : _cedited by V.P. Gupta _bthe master mind of awareness / |
||
| 260 |
_aDelhi _bVijay Goel _c2008 |
||
| 270 |
_aS-16, Naveen Shahdara _bDelhi _e110 032 _k22324833 |
||
| 300 |
_a224 p. _c22cm. (Hb) |
||
| 700 |
_aGupta, V.P. _949290 |
||
| 942 |
_2ddc _cEN _h142.78 _mJEA |
||
| 999 |
_c24476 _d24476 |
||